Enterprise information systems (Record no. 7252)
[ view plain ]
| 000 -LEADER | |
|---|---|
| fixed length control field | 01266nam a2200217 4500 |
| 020 ## - INTERNATIONAL STANDARD BOOK NUMBER | |
| ISBN | 9780071261890 |
| 020 ## - INTERNATIONAL STANDARD BOOK NUMBER | |
| ISBN | 0071261893 |
| 050 ## - CALL NUMBER | |
| Classification number | T58.6 |
| Item number | .O26 |
| 100 ## - AUTHOR | |
| Personal name | O'Brien, James A. |
| 245 ## - TITLE | |
| Title | Enterprise information systems |
| Statement of responsibility, etc | James A. O'Brien, George M. Marakas. |
| 250 ## - EDITION | |
| Edition statement | 13th ed. |
| 260 ## - PUBLICATION INFORMATION | |
| Place of publication | Boston : |
| Name of publisher | McGraw-Hill/Irwin, |
| Year of publication | ©2007 |
| 300 ## - DESCRIPTION | |
| Number of Pages | xxxi, 543 pages : |
| Other physical details | color illustrations ; |
| Dimensions | 28 cmm |
| 500 ## - NOTES | |
| General note | Includes index |
| 505 ## - FORMATTED CONTENTS NOTE | |
| Table of Content | Module i.--FOUNDATION CONCEPTS.--<br/>Foundations of enterprise information systems.--<br/>Information technology as a competitive advantage.--Module ii.--INFORMATION TECHNOLOGIES.--<br/>Information systems hardware.--<br/>Information systems software.--<br/>Data management.--<br/>Networks and telecommunications.--Module iii.--BUSINESS APPLICATIONS.--<br/>Electronic business systems.--<br/>Electronic commerce systems.--<br/>Decision support systems.--Module iv.--DEVELOPMENT PROCESSES.--<br/>Developing enterprise/IT solutions.--Module v. --MANAGEMENT CHALLENGES.--<br/>Ethics and security.--<br/>Local and international management of information technology. |
| 650 ## - SUBJECTS | |
| Topical Term | Business - Data processing. |
| 650 ## - SUBJECTS | |
| Topical Term | Management information systems. |
| 650 ## - SUBJECTS | |
| Topical Term | Electronic commerce. |
| 700 ## - OTHER AUTHORS | |
| Personal name | Marakas. George M. |
| 942 ## - ADDED ENTRY ELEMENTS (KOHA) | |
| Koha item type | Books |
| Withdrawn status | Lost status | Collection code | Home library | Current library | Shelving location | Date acquired | Full call number | Accession Number | Koha item type |
|---|---|---|---|---|---|---|---|---|---|
| Reference | Methodist University Library Main | Methodist University Library Main | General Stacks | T58.6 .O26 | 22034 | Books | |||
| Reference | Methodist University Library Main | Methodist University Library Main | General Stacks | T58.6 .O26 | 22033 | Books |